Food and nutrition procedures in times of disaster /

Bibliographic Details
Main Author: Masefield, G. B. (Geoffrey Bussell)
Format: Book
Language:English
Published: Rome : Food and Agriculture Organization of the United Nations, 1967.
Series:FAO nutritional studies ; no. 21.
Subjects:

MARC

Tag First Indicator Second Indicator Subfields
LEADER 00000cam a2200000 4500
001 in00000094868
005 20150927110557.0
008 700826s1967 it b 00010 eng
010 |a  70490960  
015 |a It*** 
035 |a (OCoLC)00089319 
035 |9 AAL6744AM 
037 |c $2.00 
040 |a DLC  |c DLC  |d TXA  |d UtOrBLW 
049 |a TXAM  |c [1087535] 
050 0 0 |a TX946  |b .M35 
090 |a TX341  |b .F68 no. 21 
100 1 |a Masefield, G. B.  |q (Geoffrey Bussell) 
245 1 0 |a Food and nutrition procedures in times of disaster /  |c by G. B. Masefield. 
264 1 |a Rome :  |b Food and Agriculture Organization of the United Nations,  |c 1967. 
300 |a ix, 96 pages ;  |c 23 cm. 
336 |a text  |b txt  |2 rdacontent 
337 |a unmediated  |b n  |2 rdamedia 
338 |a volume  |b nc  |2 rdacarrier 
490 1 |a FAO nutritional studies, no. 21 
504 |a Bibliography: pages [95]-96. 
650 0 |a Emergency mass feeding. 
830 0 |a FAO nutritional studies ;  |v no. 21. 
999 |a MARS 
999 f f |s 6a68def2-a3f2-3b28-9cbb-1d47d55f8ddc  |i 9ada74c8-73c0-32ee-a697-8eac749fe11c  |t 0 
952 f f |p ric  |a Texas A&M University  |b Rellis Campus  |c Joint Library Facility  |d Remote Storage  |t 0  |e TX341 .F68 no. 21  |h Library of Congress classification  |i unmediated -- volume  |m A14852533109 
998 f f |a TX341 .F68 no. 21  |t 0  |l Remote Storage